London Underground-Victoria Line Stations - Statistics

General Stats
  • This quiz has been taken 353 times
  • The average score is 14 of 16
Answer Stats
Victoria Line % Correct
Brixton
95%
Victoria
95%
Pimlico
93%
Green Park
90%
King's Cross St Pancras
90%
Vauxhall
90%
Oxford Circus
89%
Euston
88%
Seven Sisters
87%
Stockwell
85%
Warren Street
85%
Walthamstow Central
84%
Highbury and Islington
82%
Blackhorse Road
81%
Finsbury Park
80%
Tottenham Hale
79%
No matching quizzes found
Score Distribution
Percent of People with Each Score
Percentile by Number Answered
Your Score History
You have not taken this quiz